[Event "Paracin Open 2020"]
[Site "Paracin"]
[Date "2020.07.06"]
[Round "4.11"]
[White "Albers, Sasa"]
[Black "Todorovic, Nenad I"]
[Result "1/2-1/2"]
[WhiteElo "2120"]
[BlackElo "2295"]
[Annotator "ChessBase"]
[PlyCount "121"]
[EventDate "2020.07.03"]
[EventType "swiss"]
[EventCountry "SRB"]
[SourceTitle "playchess.com"]
[Source "ChessBase"]
[SourceQuality "1"]
[TimeControl "5400+30"]

1. e4 {[%emt 0:00:00]} c5 {[%emt 0:00:00]} 2. Nf3 {[%emt 0:00:00]} d6 {[%emt 0:00:00]} 3. d4 {[%emt 0:00:00]} cxd4 {[%emt 0:00:00]} 4. Nxd4 {[%emt 0:00:00]} Nf6 {[%emt 0:00:00]} 5. Nc3 {[%emt 0:00:01]} a6 {[%emt 0:00:04]} 6. Be3 {[%emt 0:00:06]} e5 {[%emt 0:00:35]} 7. Nb3 {[%emt 0:00:05]} Be6 {[%emt 0:00:17]} 8. f3 {[%emt 0:00:08]} Be7 {[%emt 0:00:33]} 9. Qd2 {[%emt 0:00:05]} O-O {[%emt 0:00:45]} 10. O-O-O {[%emt 0:01:24]} Nbd7 {[%emt 0:03:15]} 11. g4 {[%emt 0:03:17]} Nb6 {[%emt 0:01:08]} 12. Bxb6 {[%emt 0:08:14]} Qxb6 {[%emt 0:01:13]} 13. Kb1 {[%emt 0:01:58]} Rfd8 {[%emt 0:43:12]} 14. Nd5 {[%emt 0:02:04]} Nxd5 {[%emt 0:01:30]} 15. exd5 {[%emt 0:00:03]} Bd7 {[%emt 0:00:07]} 16. Bd3 {[%emt 0:05:34]} a5 {[%emt 0:00:11]} 17. Nc1 {[%emt 0:01:06]} Rdc8 {[%emt 0:02:34]} 18. Ne2 {[%emt 0:03:09]} Rc5 {[%emt 0:06:38]} 19. Ng3 {[%emt 0:02:08]} Rac8 {[%emt 0:07:08]} 20. h4 {[%emt 0:24:41]} e4 {[%emt 0:11:45]} 21. Nxe4 {[%emt 0:05:19]} Rxd5 {[%emt 0:00:05]} 22. g5 {[%emt 0:14:53]} a4 {[%emt 0:06:04]} 23. a3 {[%emt 0:05:50]} Ra5 {[%emt 0:04:07]} 24. Rhg1 {[%emt 0:02:00]} Kh8 {[%emt 0:00:54]} 25. Qf2 {[%emt 0:08:21]} Qc7 {[%emt 0:04:23]} 26. Rge1 {[%emt 0:04:07]} d5 {[%emt 0:00:21]} 27. Ng3 {[%emt 0:03:07]} Bc5 {[%emt 0:00:05]} 28. Qd2 {[%emt 0:00:20]} Qb6 {[%emt 0:00:21]} 29. Ka2 {[%emt 0:01:42]} Bf2 {[%emt 0:00:48]} 30. Re7 {[%emt 0:00:30]} Be6 {[%emt 0:00:53]} 31. Qb4 {[%emt 0:03:10]} Qd8 {[%emt 0:01:40]} 32. Nh1 {[%emt 0:00:46]} Bc5 {[%emt 0:02:09]} 33. Re8+ {[%emt 0:00:02]} Qxe8 {[%emt 0:00:01]} 34. Qxa5 {[%emt 0:00:01]} Qc6 {[%emt 0:00:54]} 35. Kb1 {[%emt 0:01:08]} Bd6 {[%emt 0:01:37]} 36. Nf2 {[%emt 0:00:55]} Bc7 {[%emt 0:01:34]} 37. Qb4 {[%emt 0:00:46]} Bd6 {[%emt 0:00:11]} 38. Qa5 {[%emt 0:00:13]} Bd7 {[%emt 0:00:16]} 39. Ng4 {[%emt 0:00:36]} b6 {[%emt 0:00:17]} 40. Qd2 {[%emt 0:00:13]} b5 {[%emt 0:00:14]} 41. h5 {[%emt 0:01:14]} Bxg4 {[%emt 0:01:59]} 42. fxg4 {[%emt 0:00:02]} Be5 {[%emt 0:00:33]} 43. Qf2 {[%emt 0:00:55]} Qc7 {[%emt 0:00:32]} 44. Re1 {[%emt 0:00:43]} g6 {[%emt 0:00:33]} 45. hxg6 {[%emt 0:00:47]} hxg6 {[%emt 0:00:28]} 46. Bxb5 {[%emt 0:00:42]} Rb8 {[%emt 0:00:24]} 47. Qe2 {[%emt 0:00:18]} Bg7 {[%emt 0:00:39]} 48. c3 {[%emt 0:00:35]} Qc5 {[%emt 0:00:14]} 49. Bxa4 {[%emt 0:00:35]} Kg8 {[%emt 0:00:47]} 50. Bd7 {[%emt 0:00:35]} Qxc3 {[%emt 0:00:30]} 51. Qe8+ {[%emt 0:00:12]} Bf8 {[%emt 0:00:09]} 52. Qxb8 {[%emt 0:00:26]} Qxe1+ {[%emt 0:00:02]} 53. Ka2 {[%emt 0:00:03]} d4 {[%emt 0:00:25]} 54. Qb3 {[%emt 0:00:40]} Qe2 {[%emt 0:01:05]} 55. Qd5 {[%emt 0:01:01]} Bg7 {[%emt 0:00:50]} 56. Qa8+ {[%emt 0:00:31]} Kh7 {[%emt 0:00:10]} 57. Qh1+ {[%emt 0:00:02]} Kg8 {[%emt 0:00:05]} 58. Qa8+ {[%emt 0:00:17]} Kh7 {[%emt 0:00:27]} 59. Qh1+ {[%emt 0:00:19]} Kg8 {[%emt 0:00:05]} 60. Qa8+ {[%emt 0:00:09]} Kh7 {[%emt 0:01:18]} 61. Qh1+ {[%emt 0:00:13]} 1/2-1/2

[Event "Paracin Open 2020"]
[Site "Paracin"]
[Date "2020.07.06"]
[Round "4.12"]
[White "Tosic, Nebojsa"]
[Black "Formento, Paolo"]
[Result "0-1"]
[WhiteElo "2096"]
[BlackElo "2294"]
[Annotator "TA"]
[PlyCount "282"]
[EventDate "2020.07.03"]
[EventType "swiss"]
[EventCountry "SRB"]
[SourceTitle "playchess.com"]
[Source "ChessBase"]
[SourceQuality "1"]

{[%evp 9,282,35,19,37,31,20,37,14,35,18,26,34,25,1,14,-7,0,0,10,0,11,21,18,-26,-8,-82,-91,-85,-66,-68,-25,-37,-37,-66,0,-24,-20,-122,-97,-183,-129,-179,-73,-237,-220,-335,-289,-464,-389,-597,-567,-643,-641,-632,-618,-862,-472,-623,-482,-472,-488,-439,-462,-458,-466,-438,-382,-439,-435,-412,-369,-29981,-832,-29987,-774,-704,-664,-471,-738,-615,-615,-617,-835,-621,-782,-792,-814,-781,-810,-866,-847,-847,0,-823,-744,-761,-641,-834,-833,-840,-813,-958,-1070,-1366,-1033,-29983,-709,-29971,-29976,-29975,-29974,-29959,-6126,-5199,-5193,-5695,-947,-750,-672,-629,-590,-508,-250,-242,-247,-377,0,0,0,0,0,0,0,0,0,-427,-239,-226,0,-417,-396,-443,-422,-428,-422,-422,0,-376,0,-411,-427,-418,-410,-382,-353,-327,-243,-261,0,0,0,-339,-349,-483,-480,-477,0,0,0,0,0,-280,0,0,0,0,0,0,0,-399,-375,-597,-588,-552,-445,-703,-673,-957,-904,-908,-874,-855,-832,-1140,-1168,-1695,-1666,-2173,-2132,-29977,-1675,-1981,-1512,-2106,-2082,-2137,-2106,-2106,-2053,-2142,-2069,-2266,-1782,-1197,0,-2302,-2522,-29979,-29980,-5600,-2621,-2706,-2655,-2243,-2135,-5073,-5089,-4128,-4128,-29984,-29985,-29979,-3091,-29972,-1930,-29978,-29980,-29980,-29981,-29983,-29977,-29983,-29984,-29971,-2754,-29978,-29979,-29977,-29969,-29983,-29985,-29984,-29985,-29982,-29983,-29980,-29973,-29972,-29973,-29982,-29983,-29983,-29984,-29984,-29985,-29985,-29986,-29986,-29985,-29984,-29983,-29984,-29985,-29988,-29989]} 1. e4 e5 2. Nf3 Nc6 3. Bb5 g6 4. c3 Bg7 5. d4 exd4 6. cxd4 {C60: Ruy Lopez: Unusual Black 3rd moves and 3...g6.} a6 7. Ba4 b5 8. Bb3 {White is slightly better. 8.Bc2 is the fancy move. Played by Fabiano Caruana in March 2020.} Na5 9. Bc2 (9. O-O {looks sharper.} Ne7 10. Bc2 O-O 11. Re1 d6 12. Nbd2) 9... Ne7 10. O-O O-O 11. Bg5 h6 12. Bh4 d6 13. h3 Bb7 {[#]} 14. Re1 $146 ({Predecessor:} 14. Nc3 Re8 15. Re1 Rc8 16. Re2 Nc4 17. Bb3 Na5 18. Bc2 Nc4 19. Bd3 Nb6 20. Rc1 {½-½ (42) Escobar Forero,A (2493)-Ismagambetov,A (2471) Istanbul 2012}) 14... g5 15. Bg3 f5 16. exf5 Nxf5 17. Be4 (17. Nbd2 $11 {remains equal.}) 17... Bxe4 $17 18. Rxe4 Nc4 19. b3 Nb6 20. Nbd2 Nd5 $36 {[%mdl 2048] White is under pressure.} 21. Rc1 c5 (21... Qd7 $15) 22. Nf1 cxd4 23. Qd3 (23. Nxd4 $11 Nxd4 24. Rxd4 Bxd4 25. Qxd4) 23... Nc3 {[#]} 24. Rg4 (24. Nxd4 $1 $17 {[%mdl 512]} Nxg3 (24... Nxd4 25. Rxc3) 25. Nxg3 Nxe4 26. Qxe4) 24... Nxa2 (24... Qf6 $19 25. Rc2 Rae8) 25. Re1 {[%cal Rf3d4]} Nb4 (25... Qd7 $1 $19 {is more deadly.} 26. Qd2 Nc3 27. Nxd4 Nxd4 28. Rxd4 Bxd4 29. Qxd4 Rac8) 26. Qb1 $2 (26. Qd2 $17 a5 27. h4) 26... Qd7 $19 27. N1h2 (27. Qd1 $142) 27... Nd5 {[%cal Bb4d5,Bd5f6,Bf6e4][%mdl 32]} 28. h4 $2 (28. Qd3) 28... Nf6 29. Rge4 (29. Rxd4 {keeps fighting.} Nxd4 30. Nxd4) 29... Nxe4 30. Rxe4 Nxg3 31. fxg3 d5 32. Rg4 Qf5 33. Qd1 Rae8 34. hxg5 Re4 35. gxh6 Rxg4 36. Nxg4 Qxg4 37. hxg7 {[%mdl 4096] Endgame KQR-KQN} Re8 38. b4 Qe4 39. Kh2 d3 40. Qd2 $2 {[#]} (40. Qc1 $19) 40... Qe3 (40... Qxf3 $142 $1 {[%mdl 512]} 41. Qh6 (41. gxf3 Re2+) 41... Qg4 42. Qh8+ Kf7 43. Qh7 Qxg7 44. Qf5+ Ke7 45. Qxd3 Kd6 46. g4 Qe5+ 47. Kg1 Qe1+ 48. Qf1 Qxf1+ 49. Kxf1 d4 50. Kf2 d3 51. Kg3 d2 52. g5 d1=Q 53. g6 Re4 54. Kh2 Qd4 55. g3 Qf2+ 56. Kh3 Qf1+ 57. Kh2 Re2#) 41. Qa2 {[#]} Qh6+ (41... Qxf3 $142 $1 {[%mdl 512]} 42. gxf3 Re2+ {[%mdl 64] Double Attack} 43. Kg1 Rxa2 44. Kf1 Re2 45. f4 Kxg7 46. f5 Kf6 47. g4 Ke5 48. f6 Kxf6 49. g5+ Kxg5 50. Kg1 d2 51. Kh1 d1=Q#) 42. Nh4 Qg5 43. Nf3 Qh5+ 44. Kg1 Re6 45. g4 Qxg4 46. Qxd5 Qe4 47. Qd8+ Re8 48. Qd7 Qe3+ 49. Kh2 {[#]} Re7 $1 50. Qc8+ Re8 51. Qd7 Qf4+ 52. Kg1 Qe4 53. Kh2 {[#]} Re7 $1 54. Qc8+ Kxg7 55. Qc3+ Kg6 56. Kg3 Rg7 57. Kh3 Qe6+ (57... Qf4 $142 58. Qxd3+ Kh5 59. Qd5+ Kh6 60. Qe6+ Rg6 61. Qxg6+ Kxg6 62. Nh4+ Kg5 $1 {[%mdl 512]} 63. g3 Qxb4 64. Nf3+ Kf5 65. Kg2 Qc3 66. Nh2 b4 67. Nf1 b3 68. Kg1 b2 69. Kf2 b1=Q 70. g4+ Kf4 71. Kg2 Qf3+ $1 {[%mdl 576] Double Attack} 72. Kh2 Qh7+ 73. Kg1 Qhh1#) 58. Kg3 Kh7+ 59. Kh2 Qh6+ 60. Kg1 Qe3+ 61. Kh2 {[#]} Qe2 $1 {[%csl Gg7][%cal Re2g2]} 62. Nh4 Re7 (62... Qc2 $142 63. Qe5 Qc7 64. Qxc7 Rxc7) 63. Nf3 Qe3 64. Qc8 Qf4+ {[%mdl 64] Double Attack} 65. Kg1 Rg7 (65... Qf6 $142 66. Qc5 Kg7) 66. Qh3+ Kg8 67. Qe6+ (67. Qc8+ $142 Qf8 68. Qe6+ Rf7 69. Qd5) 67... Kf8 $2 (67... Rf7 $19 68. Qg6+ Kh8 69. Qxd3 Qxb4 70. Qd8+ Rf8) 68. Qc8+ $11 Ke7 {And now ...Qxf3 would win.} 69. Qb7+ {[#]} Kf8 $1 70. Qc8+ $1 Kf7 71. Qd7+ {[#]} Kf6 $1 72. Qxd3 $2 {[%mdl 8192]} (72. Qc6+ $11 Kf7 73. Qd7+ Kg8 74. Qd8+ Kf7 75. Qd7+) 72... Qc1+ (72... Qxb4 $142 73. Qd5 Qb1+ 74. Kh2 Rh7+ 75. Kg3 Qg6+ 76. Kf2 Re7) 73. Kh2 $19 Qf4+ $2 (73... Qc7+ 74. Kh1 Rh7+ 75. Kg1 Qa7+ 76. Kf1 Rh1+ 77. Ke2 Qe7+ 78. Kf2 Qxb4) 74. Kg1 $1 Qxb4 75. Qd5 Qb1+ 76. Kh2 Rh7+ ({Don't play} 76... Qf5 77. Qd6+ Kf7 78. Ne5+ Kg8 79. Kg1 $19) 77. Kg3 Rg7+ 78. Kh2 Rh7+ 79. Kg3 Qg6+ ({Much less strong is} 79... Rg7+ 80. Kh2 $19) 80. Kf2 {intending Qe5+.} Qc2+ 81. Kg1 Qc1+ 82. Kf2 Qb2+ 83. Kg1 Rg7 $2 (83... Qb1+ $19 84. Kf2 Qc2+ 85. Kg1 Qc7 86. Qd4+ Ke7) 84. Qd6+ $11 Kf5 {[%csl Gg7][%cal Rb2g2]} 85. Qd5+ $2 {[%mdl 8192]} (85. Nd4+ $1 $11 {and White has nothing to worry.} Ke4 86. Qc6+ Ke3 87. Qf3+ Kd2 88. Qf4+ Kc3 89. Qf3+ Kc4 90. Qf1+ Kd5 91. Qf3+ Kc4 92. Qf1+ Kd5 93. Qf3+ Kc4) 85... Kf4 $19 {[%csl Gg7][%cal Rb2g2]} 86. Qd6+ Ke3 {[%csl Gg7][%cal Rb2g2]} 87. Qc5+ Kd3 $2 ({Black should play} 87... Ke4 $19 {[%csl Gg7][%cal Rb2g2]} 88. Qc6+ Kd3 89. Qd6+ Kc2 90. Qxa6 b4 91. Ne1+ Kd1 92. Qd3+ Qd2 93. Qb1+ Ke2 94. Qe4+ Qe3+ 95. Qxe3+ Kxe3 96. Nc2+ {[%mdl 64] Double Attack} Ke4 97. Nxb4 Rb7) 88. Ne1+ $11 Ke4 (88... Kd2 $5 89. Qf2+ $8 Kc3 90. Qe3+ Kc4 91. Qe6+ {[%mdl 64] Double Attack} Kc3 92. Qe5+ Kb3 93. Qe6+ {[%mdl 64] Double Attack} Ka3 94. Qxa6+ Kb3 95. Qxb5+ Ka3 96. Qa5+ Kb3 $11) 89. Qc6+ Kf5 {...Qd4+ is the strong threat.} 90. Qc8+ $2 {[%mdl 8192]} (90. Qf3+ $11 Kg5 91. Qe3+ Kh5 92. Qh3+ Kg5 93. Qg3+ Kf6 94. Qf3+ Ke7 95. Qb7+ Kf8 96. Qc8+ Ke7 97. Qb7+ Kf8 98. Qa8+ Kf7 99. Qb7+ Ke6 100. Qc6+ Kf5 101. Qf3+ Ke6 102. Qc6+ Kf5) 90... Kf6 $2 (90... Kg5 $19 91. Qd8+ Qf6 92. Nf3+ Kf5 93. Qd5+ Kf4) 91. Qc6+ $1 Kf5 {aiming for ...Qd4+.} (91... Kg5 $5 92. Qd5+ $8 Kh4 93. Qe4+ Rg4 94. Qh7+ Kg5 95. Qg8+ Kh5 96. Qh7+ Kg5 97. Qg8+ Kh5 98. Qh7+ Kg5 $11) 92. Qf3+ Kg5 {White must now prevent ...Qd4+.} (92... Ke6 $5 93. Qc6+ $8 Kf5 $11) 93. Qg3+ Kf6 94. Qd6+ $2 {[%mdl 8192] Black converts the advantage convincingly.} (94. Qf3+ $1 $11 Ke7 95. Qb7+ Kd8 96. Qb8+ Ke7 97. Qb7+ Kd8 98. Qa8+ Kc7 99. Qa7+ Kc8 100. Qa8+ Kc7 101. Qa7+ Kd6 102. Qxa6+ Kd7 103. Qb7+ Kd8 104. Qb8+ Ke7 105. Qb7+ Kf6 106. Qf3+ Ke6 107. Qc6+ Kf5 108. Qf3+ Ke6 109. Qc6+ Kf7 110. Qd5+ Ke8 111. Qa8+ Ke7 112. Qb7+ Ke8 113. Qb8+ Ke7 114. Qb7+) 94... Kf5 $19 95. Qd3+ {[#]} (95. Qc5+ {was necessary.} Qe5 96. Qc2+ Kf6 97. Qc6+ Ke7 98. Qb7+ Ke8 99. Qc8+ Kf7 100. Qd7+ Kg6 101. Qd3+ Kf6 102. Qf3+ Kg5 103. Qf2) 95... Ke6 $1 96. Qd8 Qf6 97. Qe8+ (97. Qb6+ $142 Kf7 98. Qe3) 97... Re7 98. Qg8+ Kd7 99. Nf3 Qb6+ 100. Kf1 Kc7 101. Qf8 Qd6 {Threatens to win with ...Re1+!} 102. Qa8 Kb6 103. Kg1 Qc5+ 104. Kh2 Rh7+ (104... Qh5+ $142 105. Kg3 Re8 106. Qxe8 Qxe8 107. Kf2 a5 108. Nd4 Qe4 109. Ne2 a4 110. Kf1 a3 111. Kf2 a2 112. Nc3 Qd4+ 113. Kf3 a1=Q 114. Nd5+ Qxd5+ 115. Kg3 Qg7+ 116. Kh4 Qgg5+ 117. Kh3 Qdxg2#) 105. Kg3 Rg7+ 106. Kh2 Qd6+ 107. Kg1 a5 {[%cal Ba6a5,Ba5a4,Ba4a3][%mdl 32]} 108. Qh8 Re7 109. Kf2 a4 110. Qa1 Qc5+ 111. Kg3 Qd6+ (111... a3 $142 112. Kh3 Qd6 113. Qg1+ Ka5) 112. Kf2 $1 a3 113. Kg1 b4 114. Qa2 Qe6 115. Qa1 Qe3+ 116. Kh2 Qc3 117. Qg1+ Qc5 118. Qb1 Qd6+ 119. Kh1 Re2 120. Qg1+ Qc5 (120... Kb7 $142 121. Ng5 a2 122. Qf1 Qe5 123. Nf3 a1=Q 124. Qxa1 Qxa1+ 125. Kh2 Qg7 126. Ng5 Qxg5 127. Kh3 b3 128. g4 Qf4 129. Kh4 Rh2#) 121. Qh2 Re8 (121... a2 $142 122. Qb8+ Ka6 123. Qa8+ Qa7 124. Qc6+ Qb6 125. Qc4+ Kb7 126. Qxe2 a1=Q+ 127. Kh2 Qh8+ 128. Kg3 Qg7+ 129. Kh3 Qh7+ 130. Nh4 b3 131. Qf3+ Ka7 132. g3 b2 133. Qa3+ Kb8 134. Qf8+ Kc7 135. Qf4+ Qd6 136. Qc4+ Kd8 137. Qa4 Qhd7+ 138. Qxd7+ Qxd7+ 139. g4 b1=Q 140. Nf5 Qe4 141. Nh6 Qe3+ {[%mdl 64] Double Attack} 142. Kh4 Qde7+ 143. Kh5 Q7g5#) 122. Qh6+ Ka7 123. Qh7+ Re7 124. Qg8 Rb7 125. Kh2 b3 126. Qe8 Qc7+ (126... Rh7+ $142 127. Kg3 Rg7+ 128. Kh3 b2 129. Qa4+ Kb8 130. Qb3+ Rb7 131. Qg8+ Ka7 132. Qg5 Qxg5 133. Nxg5 b1=Q 134. Kg3 a2 135. Kf4 Rb4+ 136. Ke5 a1=Q+ 137. Kd6 Qd4+ 138. Ke6 Qg6+ {[%mdl 64] Double Attack} 139. Ke7 Qdd6#) 127. Kh1 Qc4 {Black mates.} 128. Qe3+ Ka6 129. Ne5 Qf1+ 130. Kh2 Rh7+ 131. Kg3 Rg7+ 132. Ng4 Rxg4+ 133. Kxg4 Qxg2+ {KQ-KQ} 134. Kf5 Qd5+ 135. Kf4 a2 136. Qc3 Kb5 137. Kg3 Ka4 138. Kf2 Qf5+ 139. Kg3 Qc2 140. Qf6 Ka3 ({Inferior is} 140... b2 141. Qa6+ Kb3 142. Qb6+ Ka4 143. Qa6+ Kb4 144. Qb6+ Ka3 145. Qd6+ Ka4 146. Qa6+ $11) 141. Kf3 Qd1+ {Accuracy: White = 49%, Black = 74%.} 0-1

[Event "Paracin Open 2020"]
[Site "Paracin"]
[Date "2020.07.06"]
[Round "4.13"]
[White "Ivanovic, Marko"]
[Black "Tisma, Ivan"]
[Result "1-0"]
[WhiteElo "2267"]
[BlackElo "2088"]
[Annotator "ChessBase"]
[PlyCount "71"]
[EventDate "2020.07.03"]
[EventType "swiss"]
[EventCountry "SRB"]
[SourceTitle "playchess.com"]
[Source "ChessBase"]
[SourceQuality "1"]
[TimeControl "5400+30"]

1. d4 {[%emt 0:00:00]} Nf6 {[%emt 0:00:09]} 2. Bf4 {[%emt 0:00:00]} d6 {[%emt 0:00:33]} 3. Nc3 {[%emt 0:00:27]} g6 {[%emt 0:00:33]} 4. e4 {[%emt 0:00:07]} Bg7 {[%emt 0:00:29]} 5. Qd2 {[%emt 0:00:08]} h6 {[%emt 0:04:19]} 6. O-O-O {[%emt 0:00:50]} c6 {[%emt 0:00:31]} 7. f3 {[%emt 0:01:02]} Qa5 {[%emt 0:01:31]} 8. Kb1 {[%emt 0:03:12]} Nbd7 {[%emt 0:03:06]} 9. g4 {[%emt 0:18:43]} Kf8 {[%emt 0:08:20]} 10. h4 {[%emt 0:02:50]} h5 {[%emt 0:00:44]} 11. Nh3 {[%emt 0:48:14]} Nb6 {[%emt 0:14:02]} 12. g5 {[%emt 0:01:31]} Ne8 {[%emt 0:02:19]} 13. Qf2 {[%emt 0:00:51]} Be6 {[%emt 0:06:14]} 14. Bc1 {[%emt 0:01:42]} Nc7 {[%emt 0:00:46]} 15. Bd2 {[%emt 0:10:27]} Bc4 {[%emt 0:13:59]} 16. b3 {[%emt 0:01:14]} Bxf1 {[%emt 0:00:59]} 17. Nd5 {[%emt 0:00:13]} Qa3 {[%emt 0:00:24]} 18. Bb4 {[%emt 0:00:52]} Ncxd5 {[%emt 0:03:12]} 19. Bxa3 {[%emt 0:00:06]} Nc3+ {[%emt 0:00:07]} 20. Kc1 {[%emt 0:00:56]} Nxd1 {[%emt 0:00:27]} 21. Qxf1 {[%emt 0:00:21]} Nc3 {[%emt 0:00:18]} 22. Qd3 {[%emt 0:00:58]} Nb5 {[%emt 0:00:11]} 23. Bb2 {[%emt 0:00:06]} d5 {[%emt 0:00:39]} 24. exd5 {[%emt 0:00:33]} Rd8 {[%emt 0:02:59]} 25. c4 {[%emt 0:00:17]} Nc7 {[%emt 0:00:11]} 26. dxc6 {[%emt 0:00:10]} bxc6 {[%emt 0:00:08]} 27. Qe4 {[%emt 0:00:07]} Ne6 {[%emt 0:00:29]} 28. Rd1 {[%emt 0:00:55]} Rc8 {[%emt 0:00:04]} 29. f4 {[%emt 0:00:55]} c5 {[%emt 0:00:37]} 30. f5 {[%emt 0:00:19]} Nxd4 {[%emt 0:00:00]} 31. fxg6 {[%emt 0:00:38]} f5 {[%emt 0:02:11]} 32. Qb7 {[%emt 0:00:03]} Be5 {[%emt 0:01:32]} 33. Bxd4 {[%emt 0:01:06]} cxd4 {[%emt 0:00:15]} 34. Qxa7 {[%emt 0:00:10]} Rc6 {[%emt 0:01:04]} 35. Re1 {[%emt 0:01:07]} Bd6 {[%emt 0:00:13]} 36. g7+ {[%emt 0:00:17]} 1-0

[Event "Paracin Open 2020"]
[Site "Paracin"]
[Date "2020.07.06"]
[Round "4.14"]
[White "Mitev, Valentin"]
[Black "Srdanovic, Jovana"]
[Result "0-1"]
[WhiteElo "2240"]
[BlackElo "2070"]
[Annotator "ChessBase"]
[PlyCount "52"]
[EventDate "2020.07.03"]
[EventType "swiss"]
[EventCountry "SRB"]
[SourceTitle "playchess.com"]
[Source "ChessBase"]
[SourceQuality "1"]
[TimeControl "5400+30"]

1. d4 d5 2. c4 c6 3. e3 Nf6 4. Nc3 a6 5. b3 Bf5 6. Nf3 {[%emt 0:03:37]} Bc8 {[%emt 0:00:56]} 7. Ng1 {[%emt 0:00:00]} Bf5 {[%emt 0:00:50]} 8. Nf3 {[%emt 0:00:00]} e6 {[%emt 0:00:36]} 9. Be2 {[%emt 0:01:41]} h6 {[%emt 0:00:14]} 10. Ne5 {[%emt 0:02:28]} Nbd7 {[%emt 0:05:50]} 11. O-O {[%emt 0:04:20]} Bb4 {[%emt 0:23:00]} 12. Bb2 {[%emt 0:00:20]} O-O {[%emt 0:06:28]} 13. a3 {[%emt 0:02:02]} Bd6 {[%emt 0:04:30]} 14. f4 {[%emt 0:02:08]} Ne4 {[%emt 0:00:42]} 15. c5 {[%emt 0:05:24]} Bxe5 {[%emt 0:01:44]} 16. fxe5 {[%emt 0:00:20]} f6 {[%emt 0:01:34]} 17. Rxf5 {[%emt 0:06:20]} Nxc3 {[%emt 0:03:00]} 18. Bxc3 {[%emt 0:00:03]} exf5 {[%emt 0:00:08]} 19. e6 {[%emt 0:00:03]} Qe7 {[%emt 0:00:05]} 20. exd7 {[%emt 0:03:30]} Qxe3+ {[%emt 0:00:19]} 21. Kh1 {[%emt 0:00:01]} Qxc3 {[%emt 0:00:27]} 22. Bd3 {[%emt 0:22:43]} g6 {[%emt 0:11:35]} 23. Rc1 {[%emt 0:01:53]} Qxd4 {[%emt 0:03:18]} 24. Qd2 {[%emt 0:17:21]} Kg7 {[%emt 0:04:44]} 25. Qe1 {[%emt 0:07:30]} Qe5 {[%emt 0:04:04]} 26. Qa5 {[%emt 0:00:31]} Qb8 {[%emt 0:02:56]} 0-1

[Event "Paracin Open 2020"]
[Site "Paracin"]
[Date "2020.07.06"]
[Round "4.15"]
[White "Ivic, Matija"]
[Black "Milovanovic, Srboljub"]
[Result "1/2-1/2"]
[WhiteElo "2225"]
[BlackElo "2043"]
[Annotator "TA"]
[PlyCount "70"]
[EventDate "2020.07.03"]
[EventType "swiss"]
[EventCountry "SRB"]
[SourceTitle "playchess.com"]
[Source "ChessBase"]
[SourceQuality "1"]

{[%evp 14,70,31,23,29,28,35,22,31,24,42,38,37,30,34,-15,5,-21,-24,-40,-42,-58,36,36,36,36,38,16,44,41,49,49,55,55,58,0,131,75,82,59,68,45,52,15,2,0,45,17,17,0,0,0,0,0,0,0,0,-12,-12]} 1. Nf3 Nf6 2. c4 e6 3. g3 b6 4. Bg2 Bb7 5. O-O c5 6. Nc3 d6 7. Re1 Be7 8. e4 e5 {A30: Symmetrical English: Double Fianchetto and Hedgehog.} 9. a3 Nc6 10. Rb1 O-O 11. b4 Rb8 12. d3 {[#]} Nd4 $146 ({Predecessor:} 12... h6 13. Bd2 Nd4 14. Nd5 Bxd5 15. exd5 Qd7 16. Nxd4 exd4 17. a4 Rfe8 18. a5 Bf8 19. Rxe8 Qxe8 {1-0 (37) Janssen,R (2445)-Rogge,R Ruhrgebiet 1999}) 13. Nxd4 cxd4 14. Ne2 Bc8 15. b5 Nd7 16. f4 Nc5 17. f5 g5 (17... a6 $15 18. a4 axb5 19. axb5 Ra8) 18. g4 $14 f6 19. Ng3 Kf7 20. Kf2 Ke8 21. h4 h6 22. Rh1 Kd7 23. a4 Kc7 24. a5 ({Better is} 24. Qc2 $14) 24... Rg8 (24... bxa5 $11 25. Ba3 Kd7) 25. hxg5 (25. a6 $142) 25... hxg5 $16 26. Ba3 Rh8 27. Bxc5 (27. Nh5 {seems wilder.} bxa5 28. Ra1 Rb7 29. Bxc5 dxc5 30. Rxa5 Kb8 31. Qa4) 27... dxc5 28. Qa4 Rxh1 29. Rxh1 Qg8 30. axb6+ axb6 {The position is equal.} 31. Ra1 Bb7 32. Nh5 Ra8 33. Qd1 Rxa1 34. Qxa1 Qa8 35. Qxa8 Bxa8 {Accuracy: White = 76%, Black = 78%.} 1/2-1/2